Civil engineering procedure / (Record no. 546191)
[ view plain ]
| 000 -LEADER | |
|---|---|
| fixed length control field | 00570cam a2200181 a 4500 |
| 020 ## - INTERNATIONAL STANDARD BOOK NUMBER | |
| International Standard Book Number | 0727703633 |
| 082 ## - DEWEY DECIMAL CLASSIFICATION NUMBER | |
| Classification number | 624.068 |
| Author Mark | CIV |
| 245 00 - TITLE STATEMENT | |
| Title | Civil engineering procedure / |
| Statement of responsibility, etc. | [drafting committee, J.V. Tagg ... [et al.]]. |
| 250 ## - EDITION STATEMENT | |
| Edition statement | 4th ed. |
| 260 ## - PUBLICATION, DISTRIBUTION, ETC. | |
| Place of publication, distribution, etc. | London : |
| Name of publisher, distributor, etc. | T. Telford, |
| Date of publication, distribution, etc. | 1986. |
| 300 ## - PHYSICAL DESCRIPTION | |
| Extent | 114 p. : |
| Other physical details | ill. ; |
| Dimensions | 22 cm. |
| 526 ## - STUDY PROGRAM INFORMATION NOTE | |
| Program name | 0 |
| Interest level | 0 |
| Reading level | 0 |
| Title point value | 624_068000000000000_CIV |
| 650 #0 - SUBJECT ADDED ENTRY--TOPICAL TERM | |
| Topical term or geographic name entry element | Civil engineering. |
| 650 #0 - SUBJECT ADDED ENTRY--TOPICAL TERM | |
| Topical term or geographic name entry element | Engineering |
| General subdivision | Management. |
| 700 1# - ADDED ENTRY--PERSONAL NAME | |
| Personal name | Tagg, J. V. |
| 9 (RLIN) | 36886 |
| 710 2# - ADDED ENTRY--CORPORATE NAME | |
| Corporate name or jurisdiction name as entry element | Institution of Civil Engineers (Great Britain) |
| 9 (RLIN) | 25323 |
| 942 ## - ADDED ENTRY ELEMENTS (KOHA) | |
| Source of classification or shelving scheme | |
| Koha item type | Book |
| Withdrawn status | Lost status | Source of classification or shelving scheme | Damaged status | Not for loan | Permanent Location | Current Location | Date acquired | Total Checkouts | Full call number | Barcode | Date last seen | Price effective from | Koha item type |
|---|---|---|---|---|---|---|---|---|---|---|---|---|---|
| Military College of Engineering (MCE) | Military College of Engineering (MCE) | 06/04/2014 | 624.068 CIV | MCE-41919a | 06/04/2014 | 06/04/2014 | Book |
